Kế toán đại cương

Đã lưu trong:
書目詳細資料
主要作者: Phạm, Ngọc Thúy
格式: 圖書
語言:Undetermined
出版: Thành phố Hồ Chí Minh Nhà xuất bản Thành phố Hồ Chí Minh 2005
主題:
標簽: 添加標簽
沒有標簽, 成為第一個標記此記錄!
Thư viện lưu trữ: Trung tâm Học liệu Trường Đại học Cần Thơ
LEADER 00617nam a2200193Ia 4500
001 CTU_100685
008 210402s9999 xx 000 0 und d
020 |c 22000 
082 |a 657 
082 |b Th523 
100 |a Phạm, Ngọc Thúy 
245 0 |a Kế toán đại cương 
245 0 |c Phạm Ngọc Thúy, Phạm Tuấn Cường, Trần Mỹ Hạnh 
260 |a Thành phố Hồ Chí Minh 
260 |b Nhà xuất bản Thành phố Hồ Chí Minh 
260 |c 2005 
650 |a Accounting 
904 |i Tuyến 
980 |a Trung tâm Học liệu Trường Đại học Cần Thơ